Načítá se...

Ramayan of Valmiki

Podrobná bibliografie
Hlavní autor: Ramayana
Médium: Printed Book
Jazyk:English
Vydáno: Varanasi Chowkhamba Sanskrit series office 1963
Vydání:3rd ed
Témata:
LEADER 00693nam a2200253 a 4500
001 adlib96000001
003 ViArRB
005 20151026130834.0
008 960221s1955 dcuabcdjdbkoqu001 0deng d
020
022
040 |a Adlib 
082 |a 89S-1 
245 |a Ramayan of Valmiki 
250 |a 3rd ed 
260 |a Varanasi  |b Chowkhamba Sanskrit series office  |c 1963 
300 |a ix,576p. 
500 |a   
100 |a Ramayana 
700
942 |c BK  |6 _ 
653 |a Ramayana  |a poetry  |a Sanskrit language  |a Sanskrit Literature  |a Valmiki 
999 |c 14430  |d 14430 
952 |0 0  |1 0  |4 0  |6 89S1_RAMAVGRI  |7 0  |9 25943  |a UL  |b UL  |d 2010-06-16  |o 89S-1 RAMA/V GRI  |p 00028412  |r 2010-06-16  |w 2010-06-16  |y BK